000
00274nam a22000977a 4500
008
230411b |||||||| |||| 00| 0 eng d
020
_a
9789390851935
100
_a
Sharma Kartik
_9
7664
245
_a
Essentials of Artificial Intelligence
260
_a
New Delhi
_b
Sultan Chand
_c
2022
999
_c
12239
_d
12239